03229nam a2200541Ia 4500001000400000008004100004010000800045041001400053082002000067245010100087260001800188300000700206520000700213630001600220630001600236630001600252630002100268650002700289690002400316700003600340700004000376901004900416902000600465903004400471904001800515905003100533906000600564907001700570908006100587909006000648910001500708911001000723912004100733913000900774914002300783915001900806916000900825917000900834918001400843919002900857520174400886921000702630922000702637923000602644924001402650942001002664999001302674992241029s9999 xx 000 0 und d a911 aEspañol aTPG MCE-15 2007 0aDiseño de especialidad en Relaciones Públicas para el desarrollo de competencias personales. aSanto Domingo a95 a18 aCurrículo aEnseñanza aPedagogía aPlan de Estudios aDesarrollo Intelectual aCopiado sin cambios easesoraGarcía Batán, Jorge eautoraPérez Martínez, Milagros a{"1":"Pérez Martínez"}b{"1":"Milagros"} a1 a{"1":"García Batán"}b{"1":"Jorge"} aMaestría en aCiencias de la Educación a1 aMención en aEnseñanza de las Ciencias Económicas y Empresariales aUniversidad Acción Pro Educación y Cultura (UNAPEC) aNULLbNULL a["1"] aUniversidad de Camagüey (UC), Cuba aNULL a01 de Mayo de 2007 a04/12/19 02:12 aNULL aNULL aNO APLICA a["52","202","153","159"] aEn la actualidad las sociedades enfrentan continuos cambios, exigencias y desafíos. Las empresas y/o instituciones deben trabajar para mercados cada vez más amplios, buscar la excelencia en todos sus procesos, y por supuesto, la competitividad y perfeccionamiento de sus recursos humanos. La propuesta curricular de especialidad en Relaciones Públicas para el desarrollo de competencias profesionales está concebida para formar profesionales en una de las esferas de la comunicación como son las relaciones públicas, con alto nivel académico y profesional, satisfagan las necesidades del mercado laboral y profesional. Ante el problema científico de esta propuesta existen insuficiencias en el desempeño de los profesionales de las relaciones públicas en la comunicación interna y externa de la organización, se realiza una investigación en el proceso de diseño curricular de postgrado con el objetivo de diseñar un programa de especialidad de Post-grado en Relaciones Públicas en la Universidad APEC. Que contribuya a la solución de los problemas de comunicación organizacional que demanda la sociedad dominicana, a partir del empleo de las competencias profesionales. El trabajo resultante es el diseño de una especialidad de Post-grado en Relaciones Públicas, a partir de la determinación de las competencias globales que demanda en la comunicación organizacional. Contribuyendo con ello a mejorar el desempeño de los profesionales del ramo. Partiendo de las sugerencias de los egresados, aportes de los profesores y empleadores. Planificada en tres módulos basados en el desarrollo de competencias. Por último, la valoración de especialistas favoreciendo la iniciativa de la misma. a16 a16 a0 aNO APLICA cTesis c911d911